| 000 | 01479nam0a22002771 4500 | ||
|---|---|---|---|
| 001 | rc\3450761 | ||
| 005 | 20260408145620.0 | ||
| 021 |
_aRU _b[73-70298] |
||
| 035 | _a(NLR Aleph) 007891407 | ||
| 090 |
_a7980337 _c7980337 |
||
| 100 | _a20130115d1973 u y0rusy50 ca | ||
| 101 | 0 | _arus | |
| 102 | _aRU | ||
| 105 | _ay z ||||| | ||
| 200 | 1 |
_aТезисы докладов _fНауч. совет по проблемам электр. измерений и измерит. информ. систем АН СССР. Ленингр. обл. правл. НТО приборпром. Всесоюз. науч.-исслед. ин-т электроизмерит. приборов "ВНИИЭП". Ленингр. политехн. ин-т им. М.И. Калинина. Симпозиум "Оценка качества средств электр. измерений". 20-21 ноября 1973 г. |
|
| 210 |
_aЛенинград _cБ. и. _d1973 |
||
| 215 |
_a51 с. _d20 |
||
| 320 | _aСписки лит. в конце докл. | ||
| 606 |
_aЭлектроизмерительные приборы _xКачество _jТезисы докладов _2psbo |
||
| 710 | 1 | 2 |
_a"Оценка качества средств электрических измерений", симпозиум _f1973 _eЛенинград _3RU\NLR\AUTH\880636221 _92689364 |
| 801 | 0 |
_aRU _bNLR _gpsbo |
|
| 801 | 1 |
_aRU _bELAR _2rusmarc |
|
| 852 |
_aNLR _j73-4/27703 |
||
| 942 | _cBOOK | ||
| 980 | _aNB | ||